| 000 | 00765nam a22002177a 4500 | ||
|---|---|---|---|
| 005 | 20241209110041.0 | ||
| 010 | _aB-755803 B-761425 | ||
| 020 |
_a9788181534808(Pt.1) _c290.00 |
||
| 035 | _aB-755803 B-761425 | ||
| 037 | _bGift | ||
| 082 | _a507.8 | ||
| 245 |
_aRainbow 101 Science Projects / _cedited and compiled by Aakanksha |
||
| 260 |
_aDelhi _bRainbow Books _c2019(repr.) |
||
| 270 |
_aF-32, Street No.12, Parwana Road, Jagat Puri, _b Delhi _e110051 |
||
| 300 |
_a112p. _c25cm(Hb) _bcol.ill. |
||
| 490 | _v1 | ||
| 700 |
_aAakanksha _955845 |
||
| 942 |
_2ddc _cCH _mRAI _h507.8 |
||
| 999 |
_c197786 _d197786 |
||